[Event "NRW Class2 1516"]
[Site "Germany"]
[Date "2016.05.08"]
[Round "9.6"]
[White "Niermann, Tristan"]
[Black "Hachmeister, Dirk"]
[Result "1/2-1/2"]
[WhiteElo "1995"]
[BlackElo "2154"]
[PlyCount "37"]
[EventDate "2015.09.27"]
[EventType "team-tourn"]
[EventRounds "9"]
[EventCountry "GER"]
[SourceTitle "EXT 2017"]
[Source "ChessBase"]
[SourceDate "2016.10.25"]
[SourceVersion "1"]
[SourceVersionDate "2016.10.25"]
[SourceQuality "1"]
[WhiteTeam "Lieme"]
[BlackTeam "Neuenkirchen"]
[WhiteTeamCountry "GER"]
[BlackTeamCountry "GER"]

1. d4 Nf6 2. c4 e6 3. g3 Bb4+ 4. Bd2 Bxd2+ 5. Nxd2 d6 6. Bg2 Nbd7 7. e3 0-0 8. Ne2 c5 9. 0-0 Qc7 10. Nc3 a6 11. Qe2 Rb8 12. Rfc1 b6 13. a3 Bb7 14. b4 h6 15. Rab1 Rfd8 16. Rc2 Bxg2 17. Kxg2 Rdc8 18. Qd3 Qb7+ 19. Kg1 1/2-1/2

[Event "NRW Class2 1516"]
[Site "Germany"]
[Date "2015.11.22"]
[Round "3.7"]
[White "Babar, Michael"]
[Black "Hachmeister, Dirk"]
[Result "1/2-1/2"]
[WhiteElo "2079"]
[BlackElo "2154"]
[PlyCount "59"]
[EventDate "2015.09.27"]
[EventType "team-tourn"]
[EventRounds "9"]
[EventCountry "GER"]
[SourceTitle "EXT 2017"]
[Source "ChessBase"]
[SourceDate "2016.10.25"]
[SourceVersion "1"]
[SourceVersionDate "2016.10.25"]
[SourceQuality "1"]
[WhiteTeam "Dortmund Hansa II"]
[BlackTeam "Neuenkirchen"]
[WhiteTeamCountry "GER"]
[BlackTeamCountry "GER"]

1. e4 d6 2. d4 c6 3. c3 Nf6 4. Bd3 e5 5. Ne2 g6 6. 0-0 Bg7 7. Bg5 h6 8. Bc1 Qe7 9. f3 0-0 10. Be3 Nbd7 11. Qd2 Kh7 12. Kh1 d5 13. Ng3 dxe4 14. Nxe4 Nxe4 15. Bxe4 Nf6 16. Bc2 Nd5 17. Na3 b5 18. Rae1 Qh4 19. Bf2 Qh5 20. Be4 Be6 21. Bg3 exd4 22. cxd4 Rad8 23. Nc2 Ne7 24. Qb4 Nf5 25. Bf4 Nxd4 26. Nxd4 Bxd4 27. Bxc6 Bc4 28. Rg1 Qc5 29. Qxc5 Bxc5 30. Be3 1/2-1/2

[Event "NRW Class2 1314"]
[Site "Germany"]
[Date "2014.04.27"]
[Round "9.6"]
[White "Hachmeister, Dirk"]
[Black "Bykovskij, Sergej"]
[Result "1-0"]
[WhiteElo "2188"]
[BlackElo "2023"]
[PlyCount "119"]
[EventDate "2013.09.15"]
[EventType "team-tourn"]
[EventRounds "9"]
[EventCountry "GER"]
[SourceTitle "EXT 2015"]
[Source "ChessBase"]
[SourceDate "2014.11.20"]
[SourceVersion "1"]
[SourceVersionDate "2014.11.20"]
[SourceQuality "1"]
[WhiteTeam "Neuenkirchen"]
[BlackTeam "Herford"]
[WhiteTeamCountry "GER"]
[BlackTeamCountry "GER"]

1. Nf3 d5 2. c4 c6 3. b3 Nf6 4. Bb2 Bf5 5. d3 e6 6. Nbd2 Nbd7 7. g3 Qa5 8. Bg2 Ba3 9. Qc1 Bxb2 10. Qxb2 0-0 11. 0-0 Rad8 12. Rfe1 Qb6 13. h3 Bg6 14. Rab1 Nh5 15. b4 Rfe8 16. a4 e5 17. Nh4 Ndf6 18. Nxg6 hxg6 19. e3 d4 20. e4 g5 21. c5 Qc7 22. Nc4 Nd7 23. Qd2 g6 24. Bf3 Ng7 25. Qxg5 Nf8 26. Kg2 Re6 27. Rb2 f6 28. Qc1 Qe7 29. h4 Nh7 30. Rbe2 Rf8 31. Bg4 f5 32. exf5 gxf5 33. Bf3 e4 34. dxe4 f4 35. Rd1 fxg3 36. fxg3 Nf5 37. exf5 Rxe2+ 38. Bxe2 Qxe2+ 39. Kh3 Rxf5 40. Rxd4 Rf1 41. Rg4+ Kh8 42. Qb2+ Qxb2 43. Nxb2 Rb1 44. Nd3 Nf6 45. Rg6 Nd5 46. Rd6 Rb3 47. Ne5 Rxb4 48. a5 Rb1 49. a6 bxa6 50. Rxc6 a5 51. Ra6 Ne3 52. g4 Rb3 53. Kg3 Rc3 54. c6 Nd5+ 55. Kf2 Rc5 56. Rxa7 Kg8 57. Kf3 Nb6 58. Ke4 a4 59. h5 Rc1 60. h6 1-0

[Event "NRW Class2 1314"]
[Site "Germany"]
[Date "2014.03.09"]
[Round "7.8"]
[White "Hachmeister, Dirk"]
[Black "Kaehmann, Joerg"]
[Result "0-1"]
[WhiteElo "2188"]
[BlackElo "2207"]
[PlyCount "204"]
[EventDate "2013.09.15"]
[EventType "team-tourn"]
[EventRounds "9"]
[EventCountry "GER"]
[SourceTitle "EXT 2015"]
[Source "ChessBase"]
[SourceDate "2014.11.20"]
[SourceVersion "1"]
[SourceVersionDate "2014.11.20"]
[SourceQuality "1"]
[WhiteTeam "Neuenkirchen"]
[BlackTeam "Herne Sodingen"]
[WhiteTeamCountry "GER"]
[BlackTeamCountry "GER"]

1. Nf3 Nf6 2. g3 g6 3. Bg2 Bg7 4. 0-0 0-0 5. d3 c5 6. Nbd2 Nc6 7. e4 d6 8. a4 Ne8 9. c3 Rb8 10. Qc2 a6 11. Nc4 b5 12. axb5 axb5 13. Ne3 Nc7 14. h4 e6 15. Bd2 f5 16. exf5 gxf5 17. Ng5 Bd7 18. f4 Qf6 19. Kh2 Kh8 20. Rae1 h6 21. Nh3 b4 22. Rf2 Nb5 23. Rc1 Rfc8 24. Nc4 Qg6 25. Qd1 Bf6 26. Bf3 Qg7 27. Rg2 bxc3 28. bxc3 Bxc3 29. g4 Bxd2 30. gxf5 Qf7 31. Bh5 Qxf5 32. Nxd2 Rg8 33. Ne4 Rxg2+ 34. Kxg2 Rg8+ 35. Kh2 Ncd4 36. Bf3 e5 37. Nef2 exf4 38. Bg4 Qf7 39. Bxd7 Qxd7 40. Qh5 Qg7 41. Rg1 Qf8 42. Rxg8+ Kxg8 43. Qg4+ Qg7 44. Nxf4 Qxg4 45. Nxg4 Kg7 46. h5 Nf5 47. Kg2 Nbd4 48. Kf2 Kf7 49. Ke1 Nf3+ 50. Kd1 Ne5 51. Nf2 Ng3 52. Kd2 Kf6 53. Ke3 Kg5 54. Ne4+ Nxe4 55. Kxe4 Nf7 56. Kf3 Kf5 57. Ke3 Ne5 58. Nd5 Ng4+ 59. Kf3 Nf6 60. Ne3+ Kg5 61. Nc4 d5 62. Nb6 Kxh5 63. Kf4 Kg6 64. Na4 c4 65. dxc4 dxc4 66. Nc3 h5 67. Ne2 Nd5+ 68. Ke4 Nb6 69. Kf4 Na4 70. Nd4 Kf6 71. Nc2 Nc5 72. Na3 c3 73. Nc2 Ke6 74. Kg5 Ke5 75. Kxh5 Ke4 76. Nb4 Kd4 77. Kg4 Kc4 78. Nc2 Kd3 79. Ne1+ Ke2 80. Nc2 Kd2 81. Nd4 Kd3 82. Nf3 Ke3 83. Ne1 Ke4 84. Kg3 Ke3 85. Nc2+ Kd2 86. Nd4 Kd3 87. Nf3 Ne6 88. Kf2 Nd4 89. Ne1+ Kd2 90. Kf1 Nc2 91. Nf3+ Ke3 92. Ne5 Ke4 93. Nc6 Kd5 94. Na5 Nd4 95. Ke1 Kc5 96. Kd1 Kb4 97. Nb7 c2+ 98. Kd2 Kb3 99. Nc5+ Kb2 100. Nd3+ Kb1 101. Ke3 Nb3 102. Ke2 Nc1+ 0-1

[Event "NRW Class2 1314"]
[Site "Germany"]
[Date "2013.09.15"]
[Round "1.7"]
[White "Hachmeister, Dirk"]
[Black "Kuhnen, Thomas"]
[Result "1-0"]
[WhiteElo "2188"]
[BlackElo "2054"]
[PlyCount "53"]
[EventDate "2013.09.15"]
[EventType "team-tourn"]
[EventRounds "9"]
[EventCountry "GER"]
[SourceTitle "EXT 2015"]
[Source "ChessBase"]
[SourceDate "2014.11.20"]
[SourceVersion "1"]
[SourceVersionDate "2014.11.20"]
[SourceQuality "1"]
[WhiteTeam "Neuenkirchen"]
[BlackTeam "Plettenberg"]
[WhiteTeamCountry "GER"]
[BlackTeamCountry "GER"]

1. Nf3 f5 2. e4 fxe4 3. Ng5 Nf6 4. d3 e3 5. Bxe3 e6 6. d4 Be7 7. Bd3 g6 8. h4 Kf8 9. Nc3 Kg7 10. Qe2 c5 11. dxc5 Qa5 12. 0-0-0 Nc6 13. h5 h6 14. hxg6 hxg5 15. Rxh8 Kxh8 16. Qf3 Ne5 17. Qh3+ Kg7 18. Rh1 Nxd3+ 19. cxd3 Kxg6 20. Qh6+ Kf7 21. Qxg5 Qd8 22. Ne4 Qg8 23. Qf4 Qg6 24. Bd4 Qf5 25. Qe3 Nxe4 26. dxe4 Qg6 27. Qf4+ 1-0

[Event "Ruhrgebiet VL2 9798"]
[Site "Ruhrgebiet"]
[Date "1998.??.??"]
[Round "?"]
[White "Bree, Thomas"]
[Black "Hachmeister, Dirk"]
[Result "1/2-1/2"]
[WhiteElo "2255"]
[BlackElo "2315"]
[PlyCount "137"]
[EventDate "1997.??.??"]
[EventType "team"]
[EventRounds "9"]
[EventCountry "GER"]
[SourceTitle "EXT 2002"]
[Source "ChessBase"]
[SourceDate "2001.11.25"]
[SourceVersion "1"]
[SourceVersionDate "2001.11.25"]
[SourceQuality "1"]

1. d4 Nf6 2. Nf3 d6 3. Bg5 Nbd7 4. Nbd2 e5 5. dxe5 dxe5 6. e4 Be7 7. c3 0-0 8. Be2 Ng4 9. Bxe7 Qxe7 10. 0-0 b6 11. Nc4 Bb7 12. Nfd2 Ngf6 13. Qc2 Nc5 14. f3 a5 15. Ne3 g6 16. Rfd1 Ne6 17. Kh1 Qc5 18. Nec4 Nf4 19. Bf1 a4 20. b4 axb3 21. Nxb3 Qe7 22. a4 Ba6 23. g3 Ne6 24. Nxe5 Ng5 25. Bxa6 Rxa6 26. Nc6 Qe8 27. Nbd4 Nxf3 28. Nb4 Nxd4 29. cxd4 Ra5 30. e5 Nd5 31. Nxd5 Qa8 32. Kg1 Qxd5 33. Qxc7 Qe4 34. Qc3 Rfa8 35. Re1 Qd5 36. Qb4 b5 37. e6 fxe6 38. Rf1 bxa4 39. Rf4 Rb5 40. Qe7 Rb7 41. Qa3 g5 42. Rf2 Qxd4 43. Raf1 Rf7 44. Kg2 Raa7 45. Qc1 Qd5+ 46. Kg1 Rac7 47. Qe3 Rxf2 48. Rxf2 Kg7 49. h4 Rb7 50. Kh2 gxh4 51. gxh4 Qd6+ 52. Kg2 Qd5+ 53. Kh2 Qd6+ 54. Kg2 Qd5+ 55. Kh2 Rf7 56. Rxf7+ Kxf7 57. Qa7+ Kg6 58. Qxa4 Qd2+ 59. Kg3 Qe3+ 60. Kg2 Kf5 61. Qb5+ Qe5 62. Qf1+ Qf4 63. Qb5+ Kg4 64. Qd7 Qf3+ 65. Kg1 Qf5 66. Qd4+ Kg3 67. Qe3+ Qf3 68. Qe1+ Kh3 69. Qxe6+ 1/2-1/2

[Event "Ruhrgebiet VL2 9798"]
[Site "Ruhrgebiet"]
[Date "1998.??.??"]
[Round "?"]
[White "Hachmeister, Dirk"]
[Black "Schebler, Gerhard"]
[Result "0-1"]
[WhiteElo "2315"]
[BlackElo "2450"]
[PlyCount "168"]
[EventDate "1997.??.??"]
[EventType "team"]
[EventRounds "9"]
[EventCountry "GER"]
[SourceTitle "EXT 2002"]
[Source "ChessBase"]
[SourceDate "2001.11.25"]
[SourceVersion "1"]
[SourceVersionDate "2001.11.25"]
[SourceQuality "1"]

1. e4 c5 2. Nf3 d6 3. Bb5+ Nd7 4. d3 a6 5. Ba4 e6 6. 0-0 Ngf6 7. c3 Be7 8. Re1 0-0 9. Nbd2 b5 10. Bc2 Bb7 11. Nf1 Re8 12. Ng3 Bf8 13. Qe2 Rc8 14. a4 b4 15. c4 Ne5 16. b3 Nfd7 17. Bb2 g6 18. d4 Nxf3+ 19. Qxf3 Bg7 20. Qe3 Qb6 21. a5 Qc7 22. Reb1 d5 23. dxc5 Nxc5 24. Qd2 Bxb2 25. Rxb2 Qe5 26. Rab1 Qc3 27. Qxc3 bxc3 28. Ra2 dxe4 29. Ne2 Red8 30. Nxc3 Rd4 31. h3 f5 32. Bd1 Nd3 33. Be2 Bc6 34. Rd2 Rb8 35. f3 e5 36. fxe4 fxe4 37. Bf1 Kg7 38. Kh2 Rd7 39. Re2 Rdb7 40. Nxe4 Rxb3 41. Rxb3 Rxb3 42. Re3 Bxe4 43. Rxe4 Kf6 44. c5 Nxc5 45. Rc4 Rb5 46. Rh4 Rxa5 47. Rxh7 Ra1 48. Bc4 e4 49. Rc7 Ra5 50. Rc6+ Kf5 51. Kg3 g5 52. h4 gxh4+ 53. Kxh4 Ke5 54. Rc8 Kd4 55. Bf7 e3 56. Rd8+ Ke5 57. Re8+ Kf6 58. Bh5 Ne6 59. Bg4 Re5 60. Be2 a5 61. g4 Kf7 62. Rb8 Nd4 63. Bc4+ Ke7 64. Rb7+ Kd6 65. Rb8 Kc5 66. Bd3 a4 67. g5 e2 68. Bxe2 Rxe2 69. Rc8+ Kb4 70. Rb8+ Kc3 71. Ra8 Re4+ 72. Kh5 Ne6 73. g6 Nf4+ 74. Kh6 Nxg6 75. Kxg6 Kb3 76. Kf5 Rb4 77. Rh8 a3 78. Ke5 a2 79. Rh3+ Ka4 80. Rh1 Ka3 81. Kd5 Rb1 82. Rh3+ Kb4 83. Rh4+ Kb5 84. Rh8 Rd1+ 0-1

[Event "Ruhrgebiet VL2 9798"]
[Site "Ruhrgebiet"]
[Date "1997.??.??"]
[Round "?"]
[White "Hachmeister, Dirk"]
[Black "Bobzin, Pierre David"]
[Result "1/2-1/2"]
[WhiteElo "2315"]
[BlackElo "2185"]
[PlyCount "61"]
[EventDate "1997.??.??"]
[EventType "team"]
[EventRounds "9"]
[EventCountry "GER"]
[SourceTitle "EXT 2002"]
[Source "ChessBase"]
[SourceDate "2001.11.25"]
[SourceVersion "1"]
[SourceVersionDate "2001.11.25"]
[SourceQuality "1"]

1. Nf3 Nf6 2. g3 g6 3. Bg2 Bg7 4. 0-0 0-0 5. c4 d6 6. Nc3 Nbd7 7. Rb1 e5 8. b4 Re8 9. h3 c6 10. b5 e4 11. bxc6 bxc6 12. Nd4 Ne5 13. Nxe4 Nxe4 14. Bxe4 Bxh3 15. Nxc6 Nxc6 16. Bxc6 Bxf1 17. Kxf1 Rb8 18. Rxb8 Qxb8 19. Bxe8 Qxe8 20. d3 h5 21. Be3 Bf6 22. Qb3 Kg7 23. Qb5 Qc8 24. Qd5 Qa6 25. Bf4 Qxa2 26. Bxd6 Qa1+ 27. Kg2 Qd4 28. Qxd4 Bxd4 29. c5 Kf6 30. e3 Bc3 31. c6 1/2-1/2

[Event "Ruhrgebiet VL1 9697"]
[Site "Ruhrgebiet"]
[Date "1996.??.??"]
[Round "?"]
[White "Belic, Jordanka"]
[Black "Hachmeister, Dirk"]
[Result "1-0"]
[WhiteElo "2295"]
[BlackElo "2335"]
[PlyCount "103"]
[EventDate "1996.??.??"]
[EventType "team"]
[EventRounds "9"]
[EventCountry "GER"]
[SourceTitle "EXT 2002"]
[Source "ChessBase"]
[SourceDate "2001.11.25"]
[SourceVersion "1"]
[SourceVersionDate "2001.11.25"]
[SourceQuality "1"]

1. e4 e6 2. d4 d5 3. Nc3 dxe4 4. Nxe4 Nd7 5. Nf3 Ngf6 6. Bd3 Be7 7. 0-0 Nxe4 8. Bxe4 Nf6 9. Bd3 0-0 10. Bg5 b6 11. Bxf6 Bxf6 12. Be4 Rb8 13. Ne5 Bxe5 14. dxe5 Ba6 15. Re1 Qxd1 16. Raxd1 Rfd8 17. f4 Kf8 18. b3 Ke7 19. Kf2 h6 20. Bc6 Rxd1 21. Rxd1 Rd8 22. Rxd8 Kxd8 23. c4 Bc8 24. g4 Bd7 25. Be4 c5 26. g5 Ke7 27. Kg3 hxg5 28. fxg5 g6 29. h4 Kf8 30. Kf4 Ke7 31. Ke3 Be8 32. Bf3 Kd8 33. Bb7 Bd7 34. Ba6 Bc6 35. Kd3 Bf3 36. Kc3 Kc7 37. Bb5 Bc6 38. Kd3 a5 39. Bxc6 Kxc6 40. Ke4 Kd7 41. Kf4 Ke7 42. Kg4 Kf8 43. h5 gxh5+ 44. Kxh5 Kg7 45. g6 fxg6+ 46. Kg5 Kf7 47. Kh6 g5 48. Kxg5 Ke7 49. Kg6 b5 50. cxb5 a4 51. b6 Kd7 52. Kf6 1-0

[Event "Ruhrgebiet-ch"]
[Site "Germany"]
[Date "1996.??.??"]
[Round "?"]
[White "Dergatschova, Anna"]
[Black "Hachmeister, Dirk"]
[Result "0-1"]
[WhiteElo "2180"]
[BlackElo "2295"]
[PlyCount "130"]
[EventDate "1996.??.??"]
[EventType "swiss"]
[EventRounds "7"]
[EventCountry "GER"]
[SourceTitle "EXT 2001"]
[Source "ChessBase"]
[SourceDate "2000.11.22"]
[SourceVersion "1"]
[SourceVersionDate "2000.11.22"]
[SourceQuality "1"]

1. e4 c6 2. d4 d5 3. exd5 cxd5 4. Bd3 Nc6 5. c3 e5 6. dxe5 Nxe5 7. Bb5+ Nc6 8. Ne2 Nf6 9. 0-0 Be7 10. Bg5 0-0 11. Nf4 a6 12. Ba4 b5 13. Bc2 Ne4 14. Bxe7 Nxe7 15. Nxd5 Nxd5 16. Bxe4 Bb7 17. Bf3 Qg5 18. Qb3 Rab8 19. h4 Qf5 20. Nd2 Nf4 21. c4 Rfd8 22. Bxb7 Rxd2 23. Rfd1 Ne2+ 24. Kh2 bxc4 25. Qxc4 Rxd1 26. Rxd1 Qxf2 27. Qg4 h5 28. Qe4 f5 29. Bd5+ Kh7 30. Qc4 Rc8 31. Qb4 Rc2 32. Bf3 Qg3+ 33. Kh1 Nf4 34. Qe1 Rf2 35. Qg1 Nh3 36. Qh2 Rxf3 37. Qxg3 Rxg3 38. gxh3 Rxh3+ 39. Kg2 Rxh4 40. Rd5 Ra4 41. a3 Kg6 42. Rd3 h4 43. b4 Kh5 44. Kf3 g5 45. Ke3 a5 46. b5 Re4+ 47. Kf2 Re6 48. Re3 Rb6 49. a4 Rb8 50. Re7 Rd8 51. Ra7 Rd2+ 52. Ke3 Rb2 53. Kd3 h3 54. Rxa5 h2 55. Ra8 Rb3+ 56. Kc4 Rh3 57. Rh8+ Kg4 58. Rxh3 Kxh3 59. b6 h1Q 60. Kb5 Qb7 61. a5 f4 62. a6 Qd5+ 63. Kb4 Qc6 64. b7 Qb6+ 65. Kc3 f3 0-1

[Event "NRW-ch"]
[Site "Muenster"]
[Date "1996.??.??"]
[Round "6"]
[White "Siebrecht, Sebastian"]
[Black "Hachmeister, Dirk"]
[Result "1-0"]
[WhiteElo "2390"]
[BlackElo "2310"]
[PlyCount "123"]
[EventDate "1996.??.??"]
[EventType "tourn"]
[EventRounds "9"]
[EventCountry "GER"]
[SourceTitle "EXT 2004"]
[Source "ChessBase"]
[SourceDate "2003.11.25"]
[SourceVersion "1"]
[SourceVersionDate "2003.11.25"]
[SourceQuality "1"]

1. e4 c6 2. d4 d5 3. exd5 Qxd5 4. Nc3 Qa5 5. Bc4 Nf6 6. Qe2 Bf5 7. Nf3 e6 8. Bd2 Qd8 9. 0-0-0 Be7 10. h3 h6 11. g4 Bh7 12. Ne5 Nd5 13. f4 Nd7 14. f5 Nxe5 15. dxe5 Qc7 16. Nxd5 exd5 17. Bd3 0-0-0 18. Bf4 f6 19. Rhe1 fxe5 20. Qxe5 Qxe5 21. Bxe5 Bg5+ 22. Kb1 Bf6 23. Bxf6 gxf6 24. Re6 Rhf8 25. Rde1 Bg8 26. Re7 Bf7 27. Kc1 Rd7 28. Kd2 Kd8 29. R7e3 Re8 30. Rxe8+ Bxe8 31. Re6 Rf7 32. Ke2 Bd7 33. Re3 c5 34. Kf3 b5 35. c3 a5 36. Kf4 b4 37. c4 d4 38. Rg3 Rg7 39. h4 Ke7 40. Rg1 Kd6 41. g5 hxg5+ 42. hxg5 fxg5+ 43. Rxg5 Rxg5 44. Kxg5 Ke5 45. b3 Be8 46. f6 Bf7 47. Bg6 Ke6 48. Be4 Ke5 49. Bd5 Be8 50. f7 Bxf7 51. Bxf7 d3 52. Bh5 d2 53. Bd1 Kd4 54. Kf4 Kd3 55. Kf3 a4 56. bxa4 Kxc4 57. Ke2 Kc3 58. a5 c4 59. a6 b3 60. axb3 cxb3 61. Bxb3 Kxb3 62. Kxd2 1-0

[Event "NRW-ch"]
[Site "Muenster"]
[Date "1995.??.??"]
[Round "1"]
[White "Georg, Heinz"]
[Black "Hachmeister, Dirk"]
[Result "0-1"]
[WhiteElo "2240"]
[BlackElo "2160"]
[PlyCount "106"]
[EventDate "1995.10.??"]
[EventType "tourn"]
[EventRounds "9"]
[EventCountry "GER"]
[SourceTitle "EXT 2006"]
[Source "ChessBase"]
[SourceDate "2005.11.24"]
[SourceVersion "1"]
[SourceVersionDate "2005.11.24"]
[SourceQuality "1"]

1. e4 g6 2. d4 Bg7 3. Nc3 c6 4. f4 d5 5. e5 h5 6. Nf3 Nh6 7. Be3 Bf5 8. Bd3 Nd7 9. Bxf5 Nxf5 10. Bf2 Nf8 11. Qd3 Ne6 12. g3 Qa5 13. b4 Qxb4 14. Rb1 Qa5 15. Rxb7 0-0 16. 0-0 Rfb8 17. Rfb1 Rxb7 18. Rxb7 Nd8 19. Rb3 e6 20. Be1 Bf8 21. Kg2 Be7 22. h3 Qc7 23. g4 Ng7 24. Bh4 Bxh4 25. Nxh4 Rb8 26. f5 Rxb3 27. axb3 exf5 28. gxf5 Nxf5 29. Nxf5 gxf5 30. Qxf5 Ne6 31. Ne2 c5 32. dxc5 Qxc5 33. c3 Qe3 34. Qxh5 Ng7 35. Qf3 Qxe5 36. Nf4 Nf5 37. Kf2 Ne7 38. Qe3 Qf6 39. Ke2 Qa6+ 40. Kf3 Qf1+ 41. Kg4 Ng6 42. Nxg6 fxg6 43. Qe8+ Kg7 44. Qe7+ Kg8 45. Qd8+ Kg7 46. Qc7+ Kg8 47. Qb8+ Kh7 48. Qxa7+ Kh6 49. Qe3+ Kh7 50. Qe7+ Kh6 51. Qg5+ Kh7 52. Qxd5 Qg1+ 53. Kh4 Kh6 0-1